<?xml version='1.0' encoding='UTF-8'?>
  <record xmlns="http://www.loc.gov/MARC21/slim">
    <leader>00000ctm a22000007i 4500</leader>
    <controlfield tag="001">on1044746078</controlfield>
    <controlfield tag="003">OCoLC</controlfield>
    <controlfield tag="005">20240127100239.6</controlfield>
    <controlfield tag="008">180717s16uu    ne            001 0 lat d</controlfield>
    <datafield tag="040" ind1=" " ind2=" ">
      <subfield code="a">QGJ</subfield>
      <subfield code="b">eng</subfield>
      <subfield code="e">rda</subfield>
      <subfield code="c">QGJ</subfield>
      <subfield code="d">OCLCO</subfield>
      <subfield code="d">OCLCQ</subfield>
      <subfield code="d">OCLCO</subfield>
      <subfield code="d">OCLCL</subfield>
    </datafield>
    <datafield tag="035" ind1=" " ind2=" ">
      <subfield code="a">(OCoLC)1044746078</subfield>
    </datafield>
    <datafield tag="041" ind1="0" ind2=" ">
      <subfield code="a">lat</subfield>
      <subfield code="a">fre</subfield>
    </datafield>
    <datafield tag="245" ind1="0" ind2="0">
      <subfield code="a">Poemata latina et quaedam alia /</subfield>
      <subfield code="c">collecta ab Arn. Buchelio,</subfield>
      <subfield code="f">UBU Hs. 1664 (Hs 1 J 22).</subfield>
    </datafield>
    <datafield tag="264" ind1=" " ind2="0">
      <subfield code="a">[Utrecht],</subfield>
      <subfield code="c">[between approximately 1600 and 1641]</subfield>
    </datafield>
    <datafield tag="300" ind1=" " ind2=" ">
      <subfield code="a">100 leaves ;</subfield>
      <subfield code="c">196 x 145 (160 x 100) mm</subfield>
    </datafield>
    <datafield tag="336" ind1=" " ind2=" ">
      <subfield code="a">text</subfield>
      <subfield code="b">txt</subfield>
      <subfield code="2">rdacontent</subfield>
    </datafield>
    <datafield tag="337" ind1=" " ind2=" ">
      <subfield code="a">unmediated</subfield>
      <subfield code="b">n</subfield>
      <subfield code="2">rdamedia</subfield>
    </datafield>
    <datafield tag="338" ind1=" " ind2=" ">
      <subfield code="a">volume</subfield>
      <subfield code="b">nc</subfield>
      <subfield code="2">rdacarrier</subfield>
    </datafield>
    <datafield tag="340" ind1=" " ind2=" ">
      <subfield code="a">Paper</subfield>
    </datafield>
    <datafield tag="500" ind1=" " ind2=" ">
      <subfield code="a">Title derived from: A. Hulshof, Catalogus codicum manu scriptorum Bibliothecae Universitatis Rheno-Trajectinae.</subfield>
    </datafield>
    <datafield tag="500" ind1=" " ind2=" ">
      <subfield code="a">Includes index (fol. 100r)</subfield>
    </datafield>
    <datafield tag="500" ind1=" " ind2=" ">
      <subfield code="a">Blank pages: 1v, 3r-v, 46v, 55v, 100v</subfield>
    </datafield>
    <datafield tag="500" ind1=" " ind2=" ">
      <subfield code="a">Lacks fol. 60.</subfield>
    </datafield>
    <datafield tag="500" ind1=" " ind2=" ">
      <subfield code="a">On fol. 1r: Gisberti Zuleni et amicorum.</subfield>
    </datafield>
    <datafield tag="505" ind1="0" ind2="0">
      <subfield code="g">fol. 2v-r:</subfield>
      <subfield code="t">Senatui Victoris ao. 1569 --</subfield>
      <subfield code="g">fol. 4r-27r:</subfield>
      <subfield code="t">Oratio confessoria ad creatorem pariter et conditorem nostrum deum, universa vitia humana compendio pertractans, eademque mirum in modum detestans /</subfield>
      <subfield code="r">autore Scoto Augiano --</subfield>
      <subfield code="g">fol. 27v-45r:</subfield>
      <subfield code="t">Vinea Christi tragicomoedia /</subfield>
      <subfield code="r">Ph. Mori --</subfield>
      <subfield code="g">fol. 47r-55r:</subfield>
      <subfield code="t">Copia litterarum Christ. Pezelii doct. theol. ad synodem Haganam dd. Bremae 1586 --</subfield>
      <subfield code="g">fol. 61r</subfield>
      <subfield code="t">Quaedem de comoedia Mori --</subfield>
      <subfield code="g">fl. 61v-64v:</subfield>
      <subfield code="t">Poemata quaedam Ph. Mori --</subfield>
      <subfield code="g">65r-95v:</subfield>
      <subfield code="t">Naboth tragicomoedia sacra ex III Reg. cap. XXI, acta Ultraiecti 1571 /</subfield>
      <subfield code="r">Philippus Morus --</subfield>
      <subfield code="g">fol. 96r-v:</subfield>
      <subfield code="t">Excerptum ex Gerardi Geldenhaurii Institutione scholae christianae, continens Frederici Imperatoris litteras ad puerum Andream Canter Groninganum, dd. 1472 Januarii 25 --</subfield>
      <subfield code="g">fol. 97r-99r:</subfield>
      <subfield code="t">Sommige annota opt placaet vande Staten van Holland, belangende het accoort van Medenblick by den Oversten Sonoy uuytgegeven --</subfield>
      <subfield code="g">fol. 99r:</subfield>
      <subfield code="t">Excerptum ex epistola dedicatoria ad Infantem Hisp. Richelii De vita D. Beggae, Lovan. 1631, continens quaedam de Mauritii comitis expeditione in Antwerpiam --</subfield>
      <subfield code="g">fol. 100r: Index.</subfield>
    </datafield>
    <datafield tag="520" ind1="0" ind2=" ">
      <subfield code="a">Latin poems collected by Arend van Buchell.</subfield>
    </datafield>
    <datafield tag="524" ind1="8" ind2=" ">
      <subfield code="a">Cite as: Universiteitsbibliotheek Utrecht Hs. 1664 (Hs 1 J 22).</subfield>
    </datafield>
    <datafield tag="541" ind1=" " ind2=" ">
      <subfield code="c">Gift;</subfield>
      <subfield code="a">Jacobus Anne Grothe;</subfield>
      <subfield code="d">18880728</subfield>
    </datafield>
    <datafield tag="546" ind1=" " ind2=" ">
      <subfield code="a">"Sommige annota opt placaet vande Staten van Holland ... (fol. 97r-99r) in French</subfield>
    </datafield>
    <datafield tag="563" ind1=" " ind2=" ">
      <subfield code="a">19th or early 20th century parchment binding over pasteboards.</subfield>
    </datafield>
    <datafield tag="581" ind1=" " ind2=" ">
      <subfield code="a">[A. Hulshof], Catalogus codicum manu scriptorum Bibliothecae Universitatis Rheno-Traiectinae. II. Traiecti ad Rhenum 1909. p. 111.</subfield>
    </datafield>
    <datafield tag="581" ind1=" " ind2=" ">
      <subfield code="a">P.M.M. Geurts, De Utrechtse kanunnik Philippus Morus, Neolatijns dichter. Met aanhangsel Werken van Philippus Morus. Nieuwkoop 1977. (= Bibliotheca humanistica &amp; reformatica 21). passim, vooral p. 53-71, en facs.</subfield>
    </datafield>
    <datafield tag="581" ind1=" " ind2=" ">
      <subfield code="a">J. IJsewijn, 'Annales theatri Belgo-Latini', in: Liber amicorum Prof. Dr. G. Degroote. Uitg. door J. Veremans. Brussel 1980, p. 41-55. p. 47-48 (fol. 27v-46r: Vinea Christi, en: fol. 65r-95v: Naboth).</subfield>
    </datafield>
    <datafield tag="581" ind1=" " ind2=" ">
      <subfield code="a">Iusti Lipsi Epistolae. Cura A. Gerlo, M.A. Nauwelaerts &amp; H.D.L. Vervliet. With an English introduction. Brussel 1978- Dl. 1, p. 194.</subfield>
    </datafield>
    <datafield tag="581" ind1=" " ind2=" ">
      <subfield code="a">P.O. Kristeller, Iter Italicum. Accedunt alia itinera. A finding list of uncatalogued or incompletely catalogued humanistic manuscripts of the Renaissance in Italian and other libraries IV (alia itinera II): Great Britain to Spain. London etc. 1989. p. 383.</subfield>
    </datafield>
    <datafield tag="581" ind1=" " ind2=" ">
      <subfield code="a">"Brief van Christophorus Pezelius aan de synode van 's Hage, betreffende Petrus Dathenus", in: Bijdragen tot de oudheidkunde en geschiedenis, inzonderheid van Zeeuwsch-Vlaanderen, 3 (1858), 73-82</subfield>
    </datafield>
    <datafield tag="700" ind1="1" ind2=" ">
      <subfield code="a">Grothe, Jacobus Anne,</subfield>
      <subfield code="d">1815-1899,</subfield>
      <subfield code="e">former owner</subfield>
      <subfield code="4">fmo</subfield>
    </datafield>
    <datafield tag="700" ind1="1" ind2=" ">
      <subfield code="a">Buchell, Arend van,</subfield>
      <subfield code="d">1565-1641,</subfield>
      <subfield code="e">compiler.</subfield>
      <subfield code="4">com</subfield>
      <subfield code="1">https://id.oclc.org/worldcat/entity/E39PBJvt97kGgrhYc6wBHv6BT3</subfield>
    </datafield>
    <datafield tag="700" ind1="1" ind2=" ">
      <subfield code="a">Pezel, Christoph,</subfield>
      <subfield code="d">1539-1604,</subfield>
      <subfield code="e">correspondent.</subfield>
      <subfield code="4">crp</subfield>
      <subfield code="1">https://id.oclc.org/worldcat/entity/E39PBJtRP4wfQGQrXKB7p4gqcP</subfield>
    </datafield>
    <datafield tag="700" ind1="0" ind2=" ">
      <subfield code="a">Frederick</subfield>
      <subfield code="b">III,</subfield>
      <subfield code="c">Holy Roman Emperor,</subfield>
      <subfield code="d">1415-1493,</subfield>
      <subfield code="e">correspondent.</subfield>
      <subfield code="1">https://id.oclc.org/worldcat/entity/E39PBJjt6hWHgWhjFHbrqhrrMP</subfield>
    </datafield>
    <datafield tag="700" ind1="1" ind2=" ">
      <subfield code="a">Canter, Andreas,</subfield>
      <subfield code="c">1463-1516,</subfield>
      <subfield code="e">recipient.</subfield>
      <subfield code="4">rcp</subfield>
    </datafield>
    <datafield tag="700" ind1="1" ind2=" ">
      <subfield code="i">Container of (work):</subfield>
      <subfield code="a">Morus, Philippus,</subfield>
      <subfield code="d">died 1578.</subfield>
      <subfield code="t">Vinea Christi.</subfield>
    </datafield>
    <datafield tag="700" ind1="1" ind2=" ">
      <subfield code="i">Container of (work):</subfield>
      <subfield code="a">Morus, Philippus,</subfield>
      <subfield code="d">died 1578.</subfield>
      <subfield code="t">Poems.</subfield>
      <subfield code="k">Selections.</subfield>
    </datafield>
    <datafield tag="700" ind1="1" ind2=" ">
      <subfield code="i">Container of (work):</subfield>
      <subfield code="a">Morus, Philippus,</subfield>
      <subfield code="d">died 1578.</subfield>
      <subfield code="t">Naboth.</subfield>
    </datafield>
    <datafield tag="710" ind1="2" ind2=" ">
      <subfield code="a">Universiteit Utrecht.</subfield>
      <subfield code="b">Bibliotheek.</subfield>
      <subfield code="k">Manuscript</subfield>
      <subfield code="n">(Hs. 1664 (Hs 1 J 22nd))</subfield>
    </datafield>
    <datafield tag="758" ind1=" " ind2=" ">
      <subfield code="i">has work:</subfield>
      <subfield code="a">Poemata latina et quaedam alia UBU Hs. 1664 (Hs 1 J 22) (Text)</subfield>
      <subfield code="1">https://id.oclc.org/worldcat/entity/E39PCYt8FrcBYY36HkPCgYFGwP</subfield>
      <subfield code="4">https://id.oclc.org/worldcat/ontology/hasWork</subfield>
    </datafield>
  </record>